000 00510 a2200193 4500
005 20260214104906.0
008 260212b |||||||| |||| 00| 0 eng d
020 _a9788126942282
_cRs. 1895.00
040 _aMAIN
082 _a342.54
_bA14C
100 _aAnanth
110 _aAnanth, V Krishna
245 _aConstitution of India: 75 years of world's largest democracy
260 _bAtlantic
_c2026
_aNew Delhi
300 _axxxix
650 _aLaw
650 _aConstitation- India
942 _cBK
999 _c394144
_d394144